00656cam a2200217 4500001001100000008004100011020001800052035001500070050002100085100002700106245010400133260003800237300002800275500001200303500002000315504002800335505000900363700003400372942001300406999001900419BFIL014000 1994 spa  a84-309-2468-X aBFIL014000 4aPN2051bR68 19941 aRousseau, jean Jacques 0aCarta a D'Alembert sobre los espectaculos /cJean Jacques Rousseau ; tr. de Quintin Calle Carabias. aMadrid, España :bTecnos,c1994 axxvii, 170 p. ;c18 cm. a1 ejem. aRec. Prop. Esc. aIncluye bibliografías aBFIL1 aCalle Carabias, Quintin,etr. 2lcccLIB c130258d130258